| 000 | 01127naa a22003257a 4500 | ||
|---|---|---|---|
| 001 | BR8106398 | ||
| 003 | BR-BrBNA | ||
| 005 | 20240918174952.0 | ||
| 007 | ta | ||
| 008 | 230509b bl.||||| |||| 00| 0 por d | ||
| 040 |
_aBR-BrBNA _bpor _cBiblioteca Nacional de Agricultura |
||
| 041 | _a(Pt) | ||
| 072 |
_aH10; L50 _b7300 |
||
| 090 | _aH10 BR8106398 | ||
| 100 | 1 | _aMariconi, F.A.M. | |
| 245 | 1 | _aInsetos uteis. Parasitas e predadores [Mosca; Vespa; Joaninha; Controle biologico] | |
| 250 | 1 | _a5. ed. | |
| 260 | 3 |
_aSao Paulo, SP (Brasil): _bNobel, _c1981. |
|
| 500 | _aMariconi, F.A.M. Inseticidas e seu emprego no combate as pragas v. 1 Defensivos 5. ed. Sao Paulo, SP (Brasil): Nobel, 1981. p. 77-94 (BR8106398-AM)H10 | ||
| 650 | _aESTRUTURA ANIMAL | ||
| 650 | _aINSETO | ||
| 650 | _aMOSCA | ||
| 650 | _aVESPA | ||
| 650 | _aJOANINHA | ||
| 650 | _aLARVA | ||
| 650 | _aCONTROLE BIOLOGICO | ||
| 773 | 0 |
_tInseticidas e seu emprego no combate as pragas v. 1 Defensivos _aMariconi, F.A.M. _wH10 BR8106398 _gSao Paulo, SP (Brasil), 1981. p. 77-94 |
|
| 909 |
_a202404 _bLucia _c55 _dLucia Elande |
||
| 942 |
_cAM _2AGRIS |
||
| 999 |
_c314421 _d314421 |
||